|
|
|
|
| LEADER |
00000ny a22000003n 4500 |
| 005 |
20110520143939.0 |
| 008 |
060606s2006 fr 000 0 fre |
| 020 |
|
|
|a 9782743008840
|
| 035 |
|
|
|a 2328
|
| 040 |
|
|
|a BUS
|d vLex
|
| 090 |
|
|
|c 125
|d 125
|
| 100 |
1 |
|
|a Lewandowski-Arbitre, Magdalena
|
| 245 |
1 |
0 |
|a Droit communautaire et international de la sčurit ̌des aliments
|h [Recurso electrn̤ico]
|c Magdalena Lewandowski-Arbitre
|
| 256 |
|
|
|a Servicio en ln̕ea
|
| 260 |
|
|
|a Paris :
|b Editions TEC & DOC,
|c 2008
|
| 300 |
|
|
|a v.
|
| 506 |
1 |
|
|a Contenido solo disponible en los productos indicados
|d vLex Global
|d vLex Global (Academic Edition, excluding Law Schools)
|d vLex Global (U.S. Academic Edition, Law Schools)
|d vLex Global (U.S. Academic Edition, excluding Law Schools)
|d vLex Global (Academic Edition, Law Schools)
|
| 650 |
0 |
4 |
|a Alimentos
|x Derecho
|x Legislacin̤
|
| 740 |
0 |
|
|a vLex Libros (Servicios en ln̕ea)
|
| 856 |
4 |
0 |
|u http://vlex.com/source/2328
|z Acceso restringido
|
| 942 |
|
|
|c BOOK
|
| 999 |
0 |
|
|a Food law and legislation
|b Paris
|